LEADER 00850nam0-22002771i-450- 001 990007951690403321 005 20110504132100.0 035 $a000795169 035 $aFED01000795169 035 $a(Aleph)000795169FED01 035 $a000795169 100 $a20041117d1975----km-y0itay50------ba 101 0 $adut 102 $aBE 105 $aa---a---001yy 200 1 $aHet vlootbevelhebberschap in de vroege diadochentijd$eEen prosopografischmen institutioneel onderzoek$fHans Hauben 210 $aBrussel$cPaleis der academien$d1975 215 $axxv,176p.$d27 cm 700 1$aHauben,$bHans$0289183 801 0$aIT$bUNINA$gRICA$2UNIMARC 901 $aBK 912 $a990007951690403321 952 $aDDR-IV C 049$b2752 ddr$fDDR$m21-2973 959 $aDDR 996 $aHet vlootbevelhebberschap in de vroege diadochentijd$9747160 997 $aUNINA LEADER 01452nam 2200385 450 001 000017515 005 20050718115700.0 010 $a0-412-04071-9 100 $a20040616d1994----km-y0itay0103----ba 101 0 $aeng 102 $aUS 200 1 $aPhase-transfer catalysis$efundamentals, applications, and industrial perspectives$fCharles M. Starks, Charles L. Liotta, Marc Halpern 210 $aNew York ; London$cChapman and Hall$d1994 215 $aXIV, 668 p.$d24 cm. 606 $aCatalisi 676 $a661.8$v(21. ed.)$9Tecnologia delle sostanze chimiche industriali. Sostanze chimiche organiche 676 $a547.1395$v(21. ed.)$9Chimica fisica e teorica. Catalisi 700 1$aStarks,$bCharles M.$0442440 701 1$aLiotta,$bCharles L.$0442441 701 1$aHalpern,$bMarc$0442442 801 0$aIT$bUniversità della Basilicata - B.I.A.$gRICA$2unimarc 912 $a000017515 996 $aPhase-transfer catalysis$985245 997 $aUNIBAS BAS $aMONSCI BAS $aSCIENZE CAT $aTORRE$b20$c20040616$lBAS01$h1329 CAT $aTORRE$b20$c20041021$lBAS01$h1045 CAT $c20050601$lBAS01$h1756 CAT $abatch$b01$c20050718$lBAS01$h1053 CAT $c20050718$lBAS01$h1112 CAT $c20050718$lBAS01$h1142 CAT $c20050718$lBAS01$h1157 FMT Z30 -1$lBAS01$LBAS01$mBOOK$1BASA2$APolo Tecnico-Scientifico$2DID$BDidattica$3PTS.c3.p4.28$6102213$5T102213$820040616$f98$FConsultazione LEADER 03152nam 2200409z- 450 001 9910404253503321 005 20210212 010 $a85-7541-641-3 035 $a(CKB)5280000000211504 035 $a(oapen)https://directory.doabooks.org/handle/20.500.12854/59124 035 $a(NjHacI)995280000000211504 035 $a(oapen)doab59124 035 $a(EXLCZ)995280000000211504 100 $a20202102d2019 |y 0 101 0 $apor 135 $aurmn|---annan 181 $ctxt$2rdacontent 182 $cc$2rdamedia 183 $acr$2rdacarrier 200 00$aSeguranc?a do paciente : conhecendo os riscos nas organizac?o?es de sau?de 210 $cSciELO Books - Editora FIOCRUZ$d2019 215 $a1 online resource 311 08$a85-8432-063-6 330 $aPromover, proteger e recuperar a sau?de e? o que se espera dos servic?os de sau?de. Por isso, provoca espanto quando se fala que o processo de cuidado em sau?de pode causar incidentes com danos. Alguns perigos sa?o inerentes a esse processo - por exemplo, os efeitos colaterais conhecidos de determinados medicamentos. Outros podem ser conseque?ncias de erros, que acontecem em qualquer ramo de atividade, inclusive na sau?de. Para fazer frente a? freque?ncia e a? magnitude desses problemas, deve-se disseminar a cultura da seguranc?a nos servic?os de sau?de, com o objetivo de melhorar a qualidade e os resultados desses servic?os. Importantes contribuic?o?es nesse sentido podem ser encontradas nestes dois volumes. Os livros sa?o desdobramento de um curso internacional de especializac?a?o em qualidade em sau?de e seguranc?a do paciente, oferecido na modalidade a dista?ncia (EAD) no a?mbito de uma parceria entre a Escola Nacional de Sau?de Pu?blica da Fundac?a?o Oswaldo Cruz e a Escola Nacional de Sau?de Pu?blica da Universidade Nova de Lisboa. Especialistas brasileiros e portugueses produziram materiais dida?ticos para o curso, pois se verificou uma escassez de publicac?o?es sobre essas tema?ticas, sobretudo em li?ngua portuguesa. Contudo, os materiais ganharam vida pro?pria, independente do curso. Estruturadas de modo a suprir as reais necessidades de formac?a?o de me?dicos, enfermeiros, farmace?uticos, profissionais das tecnologias da sau?de e gestores, as coleta?neas te?m por base conhecimentos e evide?ncias que refletem o atual estado da arte em seguranc?a do paciente. Os leitores - na?o so? do Brasil e de Portugal, mas de toda a Comunidade dos Pai?ses de Li?ngua Portuguesa (CPLP) - encontrara?o subsi?dios para que, no dia a dia, mudanc?as na pra?tica dos cuidados resultem em servic?os mais seguros em todos os pontos da atenc?a?o a? sau?de. 517 $aSegurança do paciente 517 $aSegurança do paciente 606 $aMedicine$2bicssc 615 7$aMedicine 676 $a610.8 700 $aWalter Mendes$4auth$01278575 702 $aPaulo Sousa$4auth 801 0$bNjHacI 801 1$bNjHacl 906 $aBOOK 912 $a9910404253503321 996 $aSegurança do paciente : conhecendo os riscos nas organizações de saúde$93013512 997 $aUNINA